🍔Pays sans McDonald’s (mort subite) - Statistiques

Statistiques générales
  • Ce quiz a Ă©tĂ© pris 350 fois
    345 depuis la dernière actualisation
  • Le rĂ©sultat moyen est 4 sur 14
Answers on the Grid
Answers color-coded by a green-red scale on the quiz's grid according to % correct below.
Afghanistan
BahreĂŻn
Bhoutan
Burkina Faso
Chine
Corée du Nord
Corée du Sud
Cuba
Guyana
HaĂŻti
Honduras
Inde
Iran
Italie
Libye
Maurice
Monaco
Niger
Philippines
Salvador
Singapour
Somalie
Soudan
Syrie
Trinité-et-Tobago
Ukraine
Vatican
Yémen
 
Statistiques - réponses
Réponse % Correct
Afghanistan
81%
Corée du Nord
58%
Syrie
30%
Iran
27%
Vatican
27%
Burkina Faso
25%
Somalie
25%
Yémen
25%
Libye
23%
Bhoutan
22%
Soudan
21%
HaĂŻti
17%
Niger
16%
Guyana
9%
Aucun quiz correspondant
Distribution des résultats
% des personnes avec chaque résultat
Percentile par nombre de réponses
Votre historique - résultats
Vous n’avez pas pris ce quiz depuis la dernière actualisation